000 00362nam a2200169Ia 4500
001 4892
005 20260306145828.0
008 260306t9999||||xx |||||||||||||| ||spa||
041 _aESP
082 _a331.0985
_bL84
100 _aLolas Miani, José
_eAUT
245 0 _aTrabajo
300 _a
_c
650 _aGEN
654 _aCAN
942 _cLIB
_dJUS
_fJUS
_2ddc
_n
999 _c4892
_d4892